header

The galaxies of the Local Group (Record no. 336)

MARC details
000 -LEADER
fixed length control field 01260nam a2200313 a 4500
082 04 - DEWEY DECIMAL CLASSIFICATION NUMBER
Classification number 523.1/12
100 1# - MAIN ENTRY--AUTHOR NAME
Personal name Van den Bergh, Sidney,
245 14 - TITLE STATEMENT
Title The galaxies of the Local Group
260 ## - PUBLICATION, DISTRIBUTION, ETC. (IMPRINT)
Place of publication Cambridge, U.K. ;
-- New York :
Name of publisher Cambridge University Press,
Year of publication 2000.
300 ## - PHYSICAL DESCRIPTION
Number of Pages xiv, 328 p. :
Other physical details ill.
490 1# - SERIES STATEMENT
Series statement Cambridge astrophysics series ;
856 40 - ELECTRONIC LOCATION AND ACCESS
Uniform Resource Identifier http://site.ebrary.com/lib/rucke/Doc?id=10006806

No items available.

© 2026 Rongo University
Contact us: librarian | system librarian | Rongo university